[Event "SVK-ch 65"]
[Site "Tatranske Matliare"]
[Date "2019.05.26"]
[Round "3"]
[White "Bidlen, Anton"]
[Black "Bakalar, Jan"]
[Result "1/2-1/2"]
[WhiteElo "1817"]
[BlackElo "1994"]
[PlyCount "34"]
[EventDate "2019.05.25"]
[EventType "swiss"]
[EventRounds "9"]
[EventCountry "SVK"]
[SourceTitle "CBM 190 Extra"]
[Source "ChessBase"]
[SourceDate "2019.07.15"]
[SourceVersion "1"]
[SourceVersionDate "2019.07.15"]
[SourceQuality "1"]

1. e4 Nc6 2. Bc4 Nf6 3. d3 e5 4. Nf3 Bc5 5. 0-0 h6 6. Bb3 0-0 7. Nbd2 d6 8. c3 Bg4 9. Qe1 a6 10. h3 Bd7 11. Nc4 Nh5 12. Be3 b5 13. Ncd2 Bxe3 14. fxe3 Na5 15. Bc2 g5 16. Nh2 Kg7 17. Bd1 Nf6 1/2-1/2

[Event "SVK-ch Seniors 65"]
[Site "Tatranske Matliare"]
[Date "2017.05.30"]
[Round "5"]
[White "Bidlen, Anton"]
[Black "Zeman, Jan"]
[Result "1/2-1/2"]
[WhiteElo "1848"]
[BlackElo "1697"]
[PlyCount "102"]
[EventDate "2017.05.27"]
[EventType "swiss"]
[EventRounds "9"]
[EventCountry "SVK"]
[SourceTitle "EXT 2023"]
[Source "ChessBase"]
[SourceDate "2022.10.05"]
[SourceVersion "1"]
[SourceVersionDate "2022.10.05"]
[SourceQuality "1"]

1. e4 g6 2. Bc4 Bg7 3. Nf3 d6 4. 0-0 Nf6 5. d3 Bg4 6. e5 Bxf3 7. Qxf3 dxe5 8. Qxb7 Nbd7 9. Nc3 0-0 10. Re1 Ne8 11. Bg5 Nd6 12. Qc6 Nxc4 13. Qxc4 Nb6 14. Qh4 f6 15. Bh6 c6 16. Bxg7 Kxg7 17. Rad1 Nd5 18. Ne4 Qb6 19. b3 Qd4 20. Qg3 a5 21. Qf3 a4 22. c4 Nb4 23. Qe3 Qxe3 24. fxe3 Nxa2 25. bxa4 Rxa4 26. Nc5 Raa8 27. Ne6+ Kf7 28. Nxf8 Rxf8 29. Rd2 Nb4 30. Rb1 c5 31. d4 Rd8 32. d5 e4 33. Rf1 f5 34. Ra1 Rd6 35. Ra7 Nd3 36. Kf1 Ne5 37. Rc2 Kf6 38. Rc7 Nd3 39. Rc3 e6 40. dxe6 Kxe6 41. Rxh7 Ra6 42. Rc2 Ra4 43. Rg7 Kf6 44. Rc7 g5 45. Ke2 g4 46. g3 Ke5 47. Re7+ Kd6 48. Rb7 Ne5 49. Rb6+ Ke7 50. Rb7+ Kd6 51. Rb6+ Ke7 1/2-1/2

[Event "SVK-ch Seniors 65"]
[Site "Tatranske Matliare"]
[Date "2017.05.28"]
[Round "2"]
[White "Steiner, Juraj"]
[Black "Bidlen, Anton"]
[Result "1/2-1/2"]
[WhiteElo "2050"]
[BlackElo "1848"]
[PlyCount "69"]
[EventDate "2017.05.27"]
[EventType "swiss"]
[EventRounds "9"]
[EventCountry "SVK"]
[SourceTitle "EXT 2023"]
[Source "ChessBase"]
[SourceDate "2022.10.05"]
[SourceVersion "1"]
[SourceVersionDate "2022.10.05"]
[SourceQuality "1"]

1. c4 e5 2. Nc3 Nf6 3. Nf3 d6 4. d3 Be7 5. g3 0-0 6. Bg2 c6 7. 0-0 Na6 8. Rb1 h6 9. b4 Bd7 10. a4 Rc8 11. Be3 b6 12. h3 Nc7 13. b5 cxb5 14. axb5 Ne6 15. Qa4 Rc7 16. Nd2 Ng5 17. Kh2 Qc8 18. Bxg5 hxg5 19. Nde4 Nxe4 20. Nxe4 f5 21. Nc3 Be6 22. Nd5 Bxd5 23. Bxd5+ Kh7 24. e3 Qe8 25. Qd1 Bf6 26. Qf3 g6 27. e4 g4 28. hxg4 f4 29. Kg2 Bg5 30. gxf4 Bxf4 31. Rh1+ Kg7 32. Kf1 Rh8 33. Ke2 Qd8 34. d4 Qg5 35. dxe5 1/2-1/2

[Event "SVK-chT2D 1314"]
[Site "Slovakia"]
[Date "2013.11.24"]
[Round "4.5"]
[White "Jusko, Peter"]
[Black "Bidlen, Anton"]
[Result "1-0"]
[WhiteElo "1890"]
[BlackElo "1916"]
[PlyCount "98"]
[EventDate "2013.10.19"]
[EventType "team-tourn"]
[EventRounds "11"]
[EventCountry "SVK"]
[SourceTitle "EXT 2015"]
[Source "ChessBase"]
[SourceDate "2014.11.20"]
[SourceVersion "1"]
[SourceVersionDate "2014.11.20"]
[SourceQuality "1"]
[WhiteTeam "Sabinov II"]
[BlackTeam "Humenne II"]
[WhiteTeamCountry "SVK"]
[BlackTeamCountry "SVK"]

1. d4 g6 2. c4 Bg7 3. Nc3 c6 4. Nf3 d6 5. e4 Nf6 6. h3 0-0 7. Bd3 Qc7 8. Be3 Nbd7 9. 0-0 e5 10. d5 a6 11. a4 c5 12. Qc2 Nh5 13. Ne2 Qd8 14. g4 Nhf6 15. Nd2 h6 16. f4 exf4 17. Bxf4 Ne5 18. Bxe5 dxe5 19. Ng3 Nh7 20. Nf3 Ng5 21. Qg2 Ne6 22. Ne2 Nf4 23. Nxf4 exf4 24. e5 Re8 25. Rfe1 Qb6 26. Qc2 Bd7 27. Re2 Rad8 28. Rae1 Re7 29. Kh2 Be8 30. e6 fxe6 31. Rxe6 Rxe6 32. Rxe6 Qxb2 33. Qxb2 Bxb2 34. Bxg6 Bxa4 35. Rb6 Bc3 36. Rxb7 Bd1 37. Nh4 f3 38. Nf5 Be5+ 39. Kg1 Bf4 40. Ra7 Rb8 41. d6 Bg5 42. h4 f2+ 43. Kxf2 Rf8 44. hxg5 Bxg4 45. Kg3 Bxf5 46. Bxf5 Rxf5 47. Ra8+ Kf7 48. d7 Rxg5+ 49. Kh4 Re5 1-0

[Event "Tatry op"]
[Site "Tatranske Zruby"]
[Date "2012.09.26"]
[Round "5"]
[White "Bidlen, Anton"]
[Black "Strnad, Radek"]
[Result "1-0"]
[WhiteElo "1897"]
[BlackElo "1701"]
[PlyCount "53"]
[EventDate "2012.09.23"]
[EventType "swiss"]
[EventRounds "9"]
[EventCountry "SVK"]
[SourceTitle "EXT 2023"]
[Source "ChessBase"]
[SourceDate "2022.10.05"]
[SourceVersion "1"]
[SourceVersionDate "2022.10.05"]
[SourceQuality "1"]

1. e4 c5 2. f4 d5 3. Bb5+ Nc6 4. e5 Bd7 5. Bxc6 Bxc6 6. Nf3 e6 7. 0-0 Ne7 8. d3 Ng6 9. Nc3 Be7 10. Bd2 0-0 11. Qe2 b5 12. Rae1 a5 13. Qd1 Nh4 14. Ne2 Nf5 15. g4 Nh4 16. Ng3 d4 17. Ne4 f5 18. exf6 Bxf6 19. g5 Nxf3+ 20. Rxf3 Be7 21. Rg3 Qd5 22. h4 Rf5 23. Kh2 Raf8 24. Qg4 e5 25. Nf6+ Bxf6 26. gxf6 g6 27. Qxf5 1-0

[Event "Tatry op"]
[Site "Tatranske Zruby"]
[Date "2012.09.25"]
[Round "4"]
[White "Kebis, Milos"]
[Black "Bidlen, Anton"]
[Result "1-0"]
[WhiteElo "2002"]
[BlackElo "1897"]
[PlyCount "63"]
[EventDate "2012.09.23"]
[EventType "swiss"]
[EventRounds "9"]
[EventCountry "SVK"]
[SourceTitle "CBM 150 Extra"]
[Source "ChessBase"]
[SourceDate "2012.10.19"]
[SourceVersion "1"]
[SourceVersionDate "2012.10.19"]
[SourceQuality "1"]

1. e4 e5 2. Nf3 Nc6 3. Bb5 Bc5 4. 0-0 Nd4 5. Nxd4 exd4 6. d3 c6 7. Bc4 b5 8. Bxf7+ Kxf7 9. Qh5+ g6 10. Qxc5 Qb6 11. Qe5 Nf6 12. Bg5 c5 13. Bxf6 Re8 14. Qd5+ Kxf6 15. Qxa8 Rd8 16. e5+ Kf7 17. Qe4 Bb7 18. Qh4 Rh8 19. Nd2 Qe6 20. Rae1 h6 21. f4 Bc6 22. Ne4 c4 23. Nd6+ Kg7 24. f5 gxf5 25. Nxf5+ Kh7 26. Nxd4 Qd5 27. Qe7+ Kg6 28. Rf6+ Kh5 29. g4+ Kxg4 30. Qg7+ Kh5 31. Rf5+ Kh4 32. Qg3# 1-0

[Event "Tatry op"]
[Site "Tatranske Zruby"]
[Date "2012.09.24"]
[Round "2"]
[White "Pirhala, Ladislav"]
[Black "Bidlen, Anton"]
[Result "0-1"]
[WhiteElo "1443"]
[BlackElo "1897"]
[PlyCount "92"]
[EventDate "2012.09.23"]
[EventType "swiss"]
[EventRounds "9"]
[EventCountry "SVK"]
[SourceTitle "EXT 2023"]
[Source "ChessBase"]
[SourceDate "2022.10.05"]
[SourceVersion "1"]
[SourceVersionDate "2022.10.05"]
[SourceQuality "1"]

1. e4 e5 2. Nf3 Nc6 3. Bb5 Bc5 4. c3 d6 5. d4 exd4 6. cxd4 Bb4+ 7. Nc3 Bg4 8. d5 a6 9. Be2 Bxf3 10. Bxf3 Ne5 11. Qa4+ b5 12. Qc2 Nf6 13. Bg5 h6 14. Bh4 g5 15. Bg3 Nxf3+ 16. gxf3 h5 17. h4 Qe7 18. 0-0-0 g4 19. f4 Bxc3 20. bxc3 Nxe4 21. f5 0-0 22. Rhe1 Rfe8 23. f6 Qxf6 24. Rxe4 Rxe4 25. Qxe4 Qxc3+ 26. Qc2 Qa1+ 27. Kd2 Qd4+ 28. Ke2 Re8+ 29. Kf1 Qe4 30. Qxe4 Rxe4 31. Re1 Rd4 32. Re8+ Kg7 33. Rc8 Rc4 34. a3 f5 35. Re8 f4 36. Re7+ Kf6 37. Bxf4 Rxf4 38. Rxc7 g3 39. Rc6 Rxf2+ 40. Kg1 Ke5 41. Rxa6 Ra2 42. Rb6 Rxa3 43. Rxb5 Kf4 44. Rb2 Kf3 45. Rb1 Rd3 46. Rf1+ Kg4 0-1

[Event "SVK-ch Seniors-B"]
[Site "Tatranske Matliare"]
[Date "2011.05.??"]
[Round "2"]
[White "Matas, Stanislav"]
[Black "Bidlen, Anton"]
[Result "1/2-1/2"]
[WhiteElo "1755"]
[BlackElo "1886"]
[PlyCount "41"]
[EventDate "2011.05.27"]
[EventType "swiss"]
[EventRounds "9"]
[EventCountry "SVK"]
[SourceTitle "EXT 2023"]
[Source "ChessBase"]
[SourceDate "2022.10.05"]
[SourceVersion "1"]
[SourceVersionDate "2022.10.05"]
[SourceQuality "1"]

1. e4 e5 2. Nf3 Nc6 3. Bc4 Bc5 4. c3 d6 5. d4 exd4 6. cxd4 Bb4+ 7. Nc3 Bg4 8. 0-0 Bxc3 9. bxc3 h6 10. h3 Bh5 11. Re1 Nge7 12. Be2 0-0 13. Qc2 Bg6 14. Bd3 Qd7 15. d5 Ne5 16. Nxe5 dxe5 17. c4 c6 18. Qc3 f6 19. Ba3 cxd5 20. cxd5 Rfc8 21. Qb3 1/2-1/2

[Event "SVK-chT2D 0607"]
[Site "Slovakia"]
[Date "2007.02.04"]
[Round "9.6"]
[White "Bidlen, Anton"]
[Black "Tatarko, Tomas"]
[Result "1/2-1/2"]
[WhiteElo "1887"]
[BlackElo "2054"]
[PlyCount "43"]
[EventDate "2006.10.14"]
[EventType "team-tourn"]
[EventRounds "11"]
[EventCountry "SVK"]
[SourceTitle "EXT 2008"]
[Source "ChessBase"]
[SourceDate "2007.11.25"]
[SourceVersion "1"]
[SourceVersionDate "2007.11.25"]
[SourceQuality "1"]
[WhiteTeam "Humenne Reinter"]
[BlackTeam "Sabinov"]
[WhiteTeamCountry "SVK"]
[BlackTeamCountry "SVK"]

1. e4 e6 2. d4 d5 3. exd5 exd5 4. Nf3 Bd6 5. Bd3 Ne7 6. 0-0 0-0 7. Bg5 f6 8. Bh4 Bf5 9. Bg3 c6 10. Re1 Bxd3 11. Qxd3 Bxg3 12. hxg3 Na6 13. c3 Nc7 14. Nbd2 Qd7 15. Re2 Rae8 16. Rae1 Nc8 17. Nh2 Nd6 18. Nhf1 Rxe2 19. Rxe2 Re8 20. f3 Rxe2 21. Qxe2 Kf7 22. Qd3 1/2-1/2

[Event "SVK-chT2D 0506"]
[Site "Slovakia"]
[Date "2006.02.12"]
[Round "9.8"]
[White "Vilcko, Juraj"]
[Black "Bidlen, Anton"]
[Result "1/2-1/2"]
[WhiteElo "1744"]
[BlackElo "1900"]
[PlyCount "78"]
[EventDate "2005.10.22"]
[EventType "team-tourn"]
[EventRounds "11"]
[EventCountry "SVK"]
[SourceTitle "EXT 2009"]
[Source "ChessBase"]
[SourceDate "2008.11.26"]
[SourceVersion "1"]
[SourceVersionDate "2008.11.26"]
[SourceQuality "1"]

1. e4 e5 2. Nf3 Nf6 3. d3 d6 4. Be2 Be7 5. h3 Be6 6. 0-0 0-0 7. c3 h6 8. Be3 Nbd7 9. Nh2 Nh7 10. d4 c6 11. f4 exf4 12. Bxf4 g5 13. Be3 d5 14. e5 f5 15. Bd3 Qb6 16. Qc2 Nxe5 17. Bxf5 Bxf5 18. Rxf5 Bf6 19. Nd2 Bg7 20. Raf1 Rae8 21. Bf2 Ng6 22. Ndf3 Re4 23. Rxf8+ Nhxf8 24. Ne5 Qc7 25. Nxg6 Nxg6 26. c4 Nf4 27. cxd5 Re2 28. Qc4 Kh7 29. Ng4 Rxb2 30. Ne3 Bxd4 31. dxc6 Qxc6 32. Qf7+ Bg7 33. Kh2 Qf6 34. Qc4 b5 35. Qe4+ Qg6 36. Qe7 Qf6 37. Qe4+ Qg6 38. Qe7 Qf6 39. Qe4+ Qg6 1/2-1/2